[Event "Rio Grande op 22nd"]
[Site "Rio Grande"]
[Date "2022.10.22"]
[Round "7"]
[White "Caero Chipana, Nelson Nahuel"]
[Black "Ojeda, Ariel"]
[Result "0-1"]
[WhiteElo "1596"]
[BlackElo "1373"]
[PlyCount "22"]
[EventDate "2022.10.19"]
[EventType "swiss"]
[EventRounds "7"]
[EventCountry "ARG"]
[SourceTitle "EXT 2024"]
[Source "ChessBase"]
[SourceDate "2023.10.10"]
[SourceVersion "1"]
[SourceVersionDate "2023.10.10"]
[SourceQuality "1"]

1. e4 d6 2. Nf3 g6 3. d4 Bg7 4. Be3 Nf6 5. Nbd2 0-0 6. Bd3 e5 7. d5 Nfd7 8. h4 f5 9. c4 f4 10. Ng5 Nf6 11. Ngf3 fxe3 0-1

[Event "Rio Grande op 22nd"]
[Site "Rio Grande"]
[Date "2022.10.21"]
[Round "5"]
[White "Castellon Coca, Elias Emanuel"]
[Black "Ojeda, Ariel"]
[Result "1/2-1/2"]
[WhiteElo "1498"]
[BlackElo "1373"]
[PlyCount "83"]
[EventDate "2022.10.19"]
[EventType "swiss"]
[EventRounds "7"]
[EventCountry "ARG"]
[SourceTitle "EXT 2024"]
[Source "ChessBase"]
[SourceDate "2023.10.10"]
[SourceVersion "1"]
[SourceVersionDate "2023.10.10"]
[SourceQuality "1"]

1. d4 g6 2. Bf4 Bg7 3. e3 Nf6 4. Nd2 0-0 5. Bd3 d5 6. h3 Nbd7 7. Ngf3 c5 8. c3 c4 9. Bc2 b5 10. e4 Bb7 11. e5 Ne4 12. 0-0 e6 13. Nxe4 dxe4 14. Nd2 f5 15. exf6 Nxf6 16. Re1 Nh5 17. Bh2 Qf6 18. Rf1 Qh4 19. Qg4 Qxg4 20. hxg4 Nf6 21. Be5 Bh6 22. Bxf6 Bxd2 23. Be5 Bf4 24. Rad1 Rad8 25. g3 Bxe5 26. dxe5 Kg7 27. Rxd8 Rxd8 28. Rd1 Rxd1+ 29. Bxd1 Kh6 30. b3 Kg5 31. bxc4 bxc4 32. Be2 Bd5 33. Kg2 h5 34. gxh5 gxh5 35. Kh3 a6 36. a3 Kg6 37. Kh4 Kf5 38. Kxh5 Kxe5 39. g4 Kf4 40. g5 e3 41. fxe3+ Kxe3 42. Bg4 1/2-1/2

[Event "Rio Grande op 22nd"]
[Site "Rio Grande"]
[Date "2022.10.20"]
[Round "4"]
[White "Ojeda, Ariel"]
[Black "Zsilavecz, Francisco"]
[Result "1-0"]
[WhiteElo "1373"]
[BlackElo "1697"]
[PlyCount "49"]
[EventDate "2022.10.19"]
[EventType "swiss"]
[EventRounds "7"]
[EventCountry "ARG"]
[SourceTitle "EXT 2024"]
[Source "ChessBase"]
[SourceDate "2023.10.10"]
[SourceVersion "1"]
[SourceVersionDate "2023.10.10"]
[SourceQuality "1"]

1. e4 c5 2. Nf3 d6 3. Bc4 Nc6 4. Nc3 Nf6 5. d4 cxd4 6. Nxd4 g6 7. 0-0 Bg7 8. Be3 0-0 9. f3 Qb6 10. b3 Qd8 11. Nde2 a6 12. a4 Nd7 13. f4 Nb6 14. Bd3 Bg4 15. Qd2 d5 16. Nxd5 Nxd5 17. exd5 Bxa1 18. dxc6 Bxe2 19. Qxe2 Bd4 20. cxb7 Ra7 21. Be4 f5 22. Qc4+ Rf7 23. Bxd4 Rxb7 24. Bxb7 e6 25. Qc8 1-0

[Event "Rio Grande op 22nd"]
[Site "Rio Grande"]
[Date "2022.10.19"]
[Round "2"]
[White "Ojeda, Ariel"]
[Black "Barrozo, Cristian"]
[Result "0-1"]
[WhiteElo "1373"]
[BlackElo "1721"]
[PlyCount "46"]
[EventDate "2022.10.19"]
[EventType "swiss"]
[EventRounds "7"]
[EventCountry "ARG"]
[SourceTitle "EXT 2024"]
[Source "ChessBase"]
[SourceDate "2023.10.10"]
[SourceVersion "1"]
[SourceVersionDate "2023.10.10"]
[SourceQuality "1"]

1. e4 c5 2. Nf3 Nc6 3. Bc4 d6 4. Nc3 g6 5. d4 cxd4 6. Nxd4 Bg7 7. Be3 Nf6 8. 0-0 0-0 9. Qd2 Nxd4 10. Bxd4 Bd7 11. Be3 Bc6 12. Bh6 Bxh6 13. Qxh6 Nxe4 14. Nxe4 Bxe4 15. Bb3 Bc6 16. Rad1 e6 17. Rd4 Qf6 18. Rfd1 Rad8 19. Rh4 Qg7 20. Qg5 Qxb2 21. h3 Qe5 22. Qc1 Qf6 23. Rdd4 e5 0-1